000 02265nam a2200289 i 4500
001 164569
003 ES-MaACL
005 20250629063142.0
008 940202s1766 sz |||| | lat d
100 1 _aSánchez de las Brozas, Francisco,
_d1522-1600
_9102587
245 1 0 _aFrancisci Sanctii Brocensis ... Opera omnia :
_buna cum eiusdem scriptoris vita /
_cauctore Gregorio Maiansio ... ; tomus primus [-quartus].
260 _aGenevae :
_bapud Fratres de Tournes,
_c1766.
300 _a4 t. ([2], VIII, [2], 476 p. ; [4], 595 p. ; [4], 592 p. ; [4], 432 p.) :
_bil. ;
_c20 cm.
505 8 _aContiene: t. I: Opera Grammatica -- t. II: Opera Philologica, pars prima -- t. III: Opera Philologica, pars secunda: Francisci Sanctii Brocensis ... Commentaria in Andr. Alciati emblemata, p. 1-378 ; Spaera mundi ex variis authoribus concinnata / per Franciscum Sanctium Brocensem, p. 279-416 ; Declaracion y uso del relox español ... / por Hugo Frisio i romanzado por Francisco Sanchez ..., p. 417-484 ; Francisci Sanctii Brocensis ... Epistolae, p. 485-498 ; Dotrina del estoico filosopho Epicteto ... / traducido de griego por ... Francisco Sanchez, p. 500-592 -- t. IV: Opera poetica: Obras del excelente poeta Garci-Lasso de la Vega / con anotaciones y enmiendas del maestro Francisco Sánchez... Obras del famoso poeta Juan de Mena
530 _aDisponible en formato digital.
597 _aSign.: [ ]¹, cruz 5, A-Z8, Aa-Ff8, Gg6 ; [ ]², A-Z8, Aa-Oo8, Pp² ; [ ]², A-Z8, Aa-Oo8 ; [ ]², A-N8, O-P4, Q-Z8, Aa-Ee8.
597 _aAntep.
597 _aPortada del t. I a dos tintas.
599 _aLas il., grabados xilográficos geométricos, intercalados en el texto, en t. III.
600 1 4 _aSánchez de las Brozas, Francisco,
_d1522-1600
_9102587
650 0 4 _aLengua latina-
_xGramática.
_914300
650 4 _aFilologia latina.
_9136113
700 1 _aMayáns y Siscar, Gregorio.
_979333
852 _aES-MaACL
_jR-390-93
_z- Enc. hol.
_x-- Edic.: Este ejemplar tiene VIII, [2], 476 p. - Las [2] p. corresponden al "Elenchus tractatum tomi primi" y están enc. entre la p. 474 y 475
_x Olim: G-246-49
856 _uhttp://bdh-rd.bne.es/viewer.vm?id=0000013602&page=1
_zBiblioteca Digital Hispánica
999 _c164569
_d164569